[Event "Championnat de France - Veterans"]
[Site "Val d'Isere"]
[Date "2002.08.??"]
[Round "5.1"]
[White "Vaisman, Volodia"]
[Black "Weill, Roland"]
[Result "1/2-1/2"]
[WhiteElo "2381"]
[BlackElo "2251"]
[PlyCount "90"]
[EventDate "2002.08.??"]
[SourceDate "2002.08.20"]

1. d4 Nf6 2. Nf3 g6 3. c4 Bg7 4. Nc3 O-O 5. e4 d6 6. h3 Nbd7 7. Be3 e5 8. d5
Nc5 9. Qc2 a5 10. g4 c6 11. Nd2 Bd7 12. Nb3 Na6 13. a4 Rc8 14. f3 Ne8 15. Qd2
c5 16. h4 f5 17. g5 Nb4 18. Be2 f4 19. Bf2 Rf7 20. Bf1 Bf8 21. Bh3 Bxh3 22.
Rxh3 Ng7 23. Nc1 Nh5 24. N1e2 b6 25. O-O-O Qd7 26. Rdh1 Bg7 27. Qd1 Kf8 28. Nb5
Ke8 29. Kd2 Ra8 30. Qg1 Kd8 31. Qg4 Bf8 32. Qxd7+ Kxd7 33. Nc1 Be7 34. Rg1 Raf8
35. Kd1 Ra8 36. Be1 Rff8 37. b3 Rfe8 38. Rg2 Bf8 39. Nc3 Bg7 40. Nb5 Rf8 {(=)}
41. Bxb4 axb4 42. Nd3 Ra5 43. Rhh2 Rf7 44. Nf2 Rf8 45. Ng4 Rf7 1/2-1/2

[Event "Championnat de France - Veterans"]
[Site "Val d'Isere"]
[Date "2002.08.??"]
[Round "5.2"]
[White "Dubreuil, Remy"]
[Black "Hoyer, Hans-Gerd"]
[Result "0-1"]
[WhiteElo "2053"]
[BlackElo "2153"]
[PlyCount "182"]
[EventDate "2002.08.??"]
[SourceDate "2002.08.20"]

1. e4 g6 2. d4 d6 3. Nc3 c6 4. Nf3 Bg7 5. Be3 Nf6 6. Bd3 O-O 7. O-O Bg4 8. h3
Bxf3 9. Qxf3 Nbd7 10. Qe2 b5 11. a4 b4 12. Nd1 c5 13. dxc5 Nxc5 14. Bxc5 dxc5
15. Ne3 Nh5 16. Nc4 Nf4 17. Qf3 Nxd3 18. cxd3 Bd4 19. a5 Qc7 20. Rac1 Rad8 21.
Rc2 Rd7 22. Rfc1 Rfd8 23. e5 Bxe5 24. Nxe5 Qxe5 25. Rxc5 Qxb2 26. Rc8 Kg7 27.
Qe3 Rxc8 28. Rxc8 Qa1+ 29. Kh2 Qxa5 30. Rb8 Qd5 31. Rxb4 Qd6+ 32. Qf4 e5 33.
Qe4 f5 34. Qc4 Rc7 35. Qb3 e4+ 36. g3 exd3 37. Qb2+ Kf7 38. Rd4 Qb6 39. Qa2+
Qe6 40. Qxe6+ Kxe6 41. Rxd3 Rd7 42. Ra3 Kd5 43. g4 fxg4 44. hxg4 Kc4 45. Ra1
Kb3 46. g5 Kb4 47. Rb1+ Kc4 48. Ra1 Rf7 49. Kg3 Kb5 50. Rb1+ Kc5 51. Rc1+ Kd5
52. Ra1 Rb7 53. f4 Kc6 54. Rc1+ Kd7 55. Ra1 Kc8 56. Kf3 Kb8 57. Ke4 Re7+ 58.
Kd5 Rf7 59. Ke4 Rb7 60. Ke5 Rb5+ 61. Kf6 a5 62. Rh1 Rb7 63. f5 gxf5 64. Kxf5
Ka7 65. Ke4 Rg7 66. Kd4 Kb6 67. Kc4 Kc6 68. Rh6+ Kd7 69. Kb3 Ke8 70. Ka4 Kf8
71. Rh5 Ra7 72. Rh6 Kg7 73. Rh1 Kg6 74. Rg1 Kf5 75. Rg2 Ra6 76. Kb5 Rg6 77. Rh2
Rxg5 78. Kxa5 h5 79. Kb4 Kf4 80. Kc4 Kg3 81. Rh1 Kg2 82. Rd1 Rf5 83. Kd4 h4 84.
Ke4 Rf8 85. Rd2+ Rf2 86. Rd8 h3 87. Rg8+ Kf1 88. Ke3 h2 89. Ra8 Re2+ 90. Kd3
h1=Q 91. Ra1+ Re1 0-1

[Event "Championnat de France - Veterans"]
[Site "Val d'Isere"]
[Date "2002.08.??"]
[Round "5.3"]
[White "Cousin, Philippe"]
[Black "Rosenfeld, Imre"]
[Result "1-0"]
[WhiteElo "2138"]
[BlackElo "1990"]
[PlyCount "109"]
[EventDate "2002.08.??"]
[SourceDate "2002.08.20"]

1. d4 d5 2. Nf3 Nf6 3. c4 e6 4. a3 c6 5. Nc3 Nbd7 6. Bg5 h6 7. Bh4 dxc4 8. e4
g5 9. Bg3 b5 10. Be2 Bb7 11. Qc2 a6 12. Rd1 Qa5 13. O-O Be7 14. Rfe1 O-O 15. h4
g4 16. Ne5 h5 17. Qd2 Qd8 18. Qg5+ Kh7 19. Nxd7 Qxd7 20. Bf4 Rh8 21. e5 Nd5 22.
Qxh5+ Kg8 23. Qxg4+ Kf8 24. Nxd5 cxd5 25. h5 Ke8 26. h6 Kd8 27. Qh5 Qe8 28. g4
Kd7 29. Kh2 a5 30. g5 b4 31. axb4 axb4 32. Rg1 Ra2 33. Rb1 Bc6 34. Bg4 Ba4 35.
g6 fxg6 36. Bxe6+ $1 Kd8 (36... Kxe6 37. Qg4+ Kf7 38. Qxg6+ Kf8 39. Qg7#) 37.
Qf3 g5 38. Qxd5+ Bd7 39. Bf7 Rxh6+ 40. Kg2 gxf4 41. Bxe8 Kxe8 42. Kf1 Be6 43.
Qc6+ Kf7 44. Ke1 b3 45. Qb7 Bf5 46. Qb8 Bf8 47. Qc7+ Be7 48. Qxc4+ Re6 49. Kd2
f3 50. d5 Rxe5 51. d6+ Be6 52. Qc7 Rd5+ 53. Ke3 Rxd6 54. Rg7+ Kxg7 55. Qxe7+
1-0

[Event "Championnat de France - Veterans"]
[Site "Val d'Isere"]
[Date "2002.08.??"]
[Round "5.4"]
[White "Molet, Asher"]
[Black "Brosser, Claude"]
[Result "1-0"]
[WhiteElo "2049"]
[BlackElo "1780"]
[PlyCount "79"]
[EventDate "2002.08.??"]
[SourceDate "2002.08.20"]

1. d4 f5 2. Nc3 e6 3. e4 fxe4 4. Nxe4 Nf6 5. Bd3 Nxe4 6. Bxe4 Qf6 7. Nf3 h6 8.
Ne5 d5 9. Bg6+ Ke7 10. Bd3 Rg8 11. Bh7 Nc6 12. Bxg8 Nxe5 13. dxe5 Qxe5+ 14. Be3
g6 15. O-O Qg7 16. Bc5+ Ke8 17. Bxf8 Kxf8 18. Bxe6 Bxe6 19. c3 c6 20. Qd2 Kg8
21. Rae1 Bf5 22. Re3 Rf8 23. Rfe1 Rf7 24. Re8+ Kh7 25. Qe3 a6 26. f3 g5 27. Re7
Kg6 28. g4 Bc8 29. Rxf7 Qxf7 30. Qe8 Bd7 31. Qxf7+ Kxf7 32. Kf2 b6 33. Kg3 c5
34. f4 gxf4+ 35. Kxf4 Kf6 36. h4 a5 37. g5+ hxg5+ 38. hxg5+ Kg6 39. a3 Bf5 40.
Re5 1-0

[Event "Championnat de France - Veterans"]
[Site "Val d'Isere"]
[Date "2002.08.??"]
[Round "5.5"]
[White "Lebouchard, Charles"]
[Black "Vernadet, Jacques"]
[Result "1-0"]
[WhiteElo "1820"]
[BlackElo "2040"]
[PlyCount "65"]
[EventDate "2002.08.??"]
[SourceDate "2002.08.20"]

1. d4 Nf6 2. c4 e6 3. Nf3 c5 4. Nc3 cxd4 5. Nxd4 Nc6 6. g3 Bb4 7. Bg2 Qa5 8.
Ndb5 O-O 9. Bf4 e5 10. Bd2 a6 11. Na3 Rd8 12. Nc2 Bxc3 13. Bxc3 Qc5 14. Ne3 b5
15. b4 Qf8 16. c5 Ra7 17. Nf5 a5 18. a3 Qe8 19. Nd6 Qe6 20. O-O axb4 21. axb4
Rxa1 22. Qxa1 Qb3 23. Rb1 Qa4 24. Qxa4 bxa4 25. Ra1 Ne8 26. Rxa4 Nxd6 27. cxd6
Re8 28. b5 Nd8 29. Ra8 Ne6 30. Bb7 Nf8 31. Rxc8 Re6 32. Bd5 Rg6 33. b6 1-0

[Event "Championnat de France - Veterans"]
[Site "Val d'Isere"]
[Date "2002.08.25"]
[Round "6.1"]
[White "Weill, Roland"]
[Black "Cousin, Philippe"]
[Result "1-0"]
[WhiteElo "2251"]
[BlackElo "2138"]
[PlyCount "61"]
[EventDate "2002.08.??"]
[SourceDate "2002.08.20"]

1. e4 c6 2. d3 d5 3. Nd2 e5 4. Ngf3 Bd6 5. g3 Nf6 6. Bg2 O-O 7. O-O Na6 8. b3
Re8 9. Bb2 Bg4 10. h3 Bd7 11. Re1 d4 12. c3 c5 13. a3 Rc8 14. Qe2 Bb8 15. Rec1
Qe7 16. Kh2 Qf8 17. Rab1 h6 18. b4 dxc3 19. Bxc3 cxb4 20. axb4 Bb5 21. Nc4 Bxc4
22. dxc4 Rcd8 23. Nd2 Qd6 24. Nf1 Qe6 25. Ne3 Nc7 26. Rd1 Qb6 27. Rxd8 Rxd8 28.
Nd5 Ncxd5 29. exd5 Qc7 30. Rd1 b6 31. d6 1-0

[Event "Championnat de France - Veterans"]
[Site "Val d'Isere"]
[Date "2002.08.25"]
[Round "6.2"]
[White "Hoyer, Hans-Gerd"]
[Black "Molet, Asher"]
[Result "1/2-1/2"]
[WhiteElo "2153"]
[BlackElo "2049"]
[PlyCount "58"]
[EventDate "2002.08.??"]
[SourceDate "2002.08.20"]

1. e4 c5 2. Nf3 Nc6 3. d3 g6 4. Be3 d6 5. h3 Bg7 6. c3 Nf6 7. Nbd2 e5 8. g3 O-O
9. a4 h6 10. Bg2 Be6 11. O-O a6 12. Qc2 Qd7 13. Kh2 b5 14. d4 cxd4 15. cxd4
exd4 16. Nxd4 Nxd4 17. Bxd4 Ng4+ 18. hxg4 Bxd4 19. Nf3 Bg7 20. axb5 axb5 21.
Rxa8 Rxa8 22. g5 Rc8 23. Qd2 h5 24. Nd4 Bxd4 25. Qxd4 Rc4 26. Qd2 Qc7 27. Ra1
Ra4 28. Rd1 Rc4 29. Qd3 Qc5 1/2-1/2

[Event "Championnat de France - Veterans"]
[Site "Val d'Isere"]
[Date "2002.08.25"]
[Round "6.3"]
[White "Renault, Jean-Pierre"]
[Black "Vaisman, Volodia"]
[Result "0-1"]
[WhiteElo "1990"]
[BlackElo "2381"]
[PlyCount "80"]
[EventDate "2002.08.??"]
[SourceDate "2002.08.20"]

1. d4 c5 2. d5 d6 3. Nf3 g6 4. g3 Bg7 5. Bg2 Nf6 6. O-O O-O 7. c4 Na6 8. Nc3
Nc7 9. Re1 Rb8 10. a4 a6 11. e4 Bg4 12. h3 Bxf3 13. Bxf3 b5 14. axb5 axb5 15.
Nxb5 Nxb5 16. cxb5 Rxb5 17. Qc2 Nd7 18. Be2 Rb7 19. Rb1 Qb6 20. b3 Ra8 21. Be3
Qa5 22. f4 Qb4 23. Bc4 Rba7 24. Qd3 Ra2 25. e5 dxe5 26. f5 Nf6 27. fxg6 hxg6
28. d6 Qb7 29. Bf2 exd6 30. b4 Rxf2 31. Kxf2 d5 32. bxc5 dxc4 33. Qxc4 Qc6 34.
Rbc1 Bh6 35. Rc2 Ra3 36. Rc3 Ra4 37. Qb3 Bd2 38. Qb8+ Kg7 39. Qxe5 Bxe1+ 40.
Kxe1 Re4+ 0-1

[Event "Championnat de France - Veterans"]
[Site "Val d'Isere"]
[Date "2002.08.25"]
[Round "6.4"]
[White "Vacca, Georges"]
[Black "Lebouchard, Charles"]
[Result "1/2-1/2"]
[WhiteElo "2022"]
[BlackElo "1820"]
[PlyCount "88"]
[EventDate "2002.08.??"]
[SourceDate "2002.08.20"]

1. Nf3 Nf6 2. c4 c5 3. Nc3 b6 4. g3 Bb7 5. Bg2 g6 6. O-O Bg7 7. d3 O-O 8. e4 d6
9. Re1 Nc6 10. Rb1 Ne8 11. Be3 Nd4 12. Ne2 Nxe2+ 13. Qxe2 Nc7 14. Nh4 Ne6 15.
f4 Nd4 16. Qd2 e6 17. Nf3 Nxf3+ 18. Bxf3 Qc7 19. Bg2 Rad8 20. Qc2 Qb8 21. Red1
Rd7 22. d4 cxd4 23. Bxd4 Rfd8 24. Bxg7 Kxg7 25. Rd2 Qc7 26. Qc3+ Kg8 27. Rbd1
Ba6 28. Bf1 Qc6 29. Rd4 Bb7 30. Qd2 f5 31. Bg2 fxe4 32. Bxe4 Qxe4 33. Rxe4 Bxe4
34. Qe2 d5 35. b4 h5 36. h3 Rc8 37. cxd5 exd5 38. Re1 Rc2 39. Qb5 Rdc7 40. g4
hxg4 41. hxg4 Rg2+ 42. Kf1 Rcc2 43. Rxe4 dxe4 44. Qe8+ Kg7 1/2-1/2

[Event "Championnat de France - Veterans"]
[Site "Val d'Isere"]
[Date "2002.08.25"]
[Round "6.5"]
[White "Duval, Michel"]
[Black "Huguet, Bernard"]
[Result "0-1"]
[WhiteElo "1800"]
[BlackElo "2168"]
[PlyCount "52"]
[EventDate "2002.08.??"]
[SourceDate "2002.08.20"]

1. e4 c5 2. Nf3 e6 3. d4 cxd4 4. Nxd4 Nf6 5. Nc3 d6 6. Be2 a6 7. O-O Be7 8. Be3
O-O 9. Bf3 Nbd7 10. Qe2 Ne5 11. Kh1 Qc7 12. Rac1 b5 13. Nd1 Bb7 14. Bd2 Nxf3
15. gxf3 Nd7 16. c4 bxc4 17. Rxc4 Qb8 18. Rg1 Ne5 19. Rc3 Bf6 20. Be3 Rc8 21.
Rg3 Ng6 22. Qc2 Be5 23. Rh3 Rxc3 24. Nxc3 Qc8 25. Qd2 Bxd4 26. Qxd4 e5 0-1

[Event "Championnat de France - Veterans"]
[Site "Val d'Isere"]
[Date "2002.08.??"]
[Round "7.1"]
[White "Hoyer, Hans-Gerd"]
[Black "Weill, Roland"]
[Result "1-0"]
[WhiteElo "2153"]
[BlackElo "2283"]
[PlyCount "83"]
[EventDate "2002.08.??"]
[SourceDate "2002.08.20"]

1. e4 g6 2. d4 Bg7 3. Nc3 d6 4. g3 Nf6 5. Bg2 O-O 6. Nge2 c6 7. h3 e5 8. a4 a5
9. Be3 Qc7 10. O-O Re8 11. Qd2 Na6 12. g4 Nb4 13. Ng3 b6 14. Rfe1 Ba6 15. Rad1
Rad8 16. f4 Nd7 17. Nce2 exd4 18. Nxd4 Nc5 19. b3 d5 20. e5 Ne6 21. Nxe6 fxe6
22. Qf2 c5 23. Bf1 Bxf1 24. Rxf1 Rf8 25. Qe2 Rd7 26. c3 Nc6 27. h4 Rdf7 28. Rf2
Nxe5 29. fxe5 Qxe5 30. Kg2 Qxc3 31. Rxf7 Rxf7 32. Rd3 Qe5 33. Bg5 Qd6 34. Re3
e5 35. Rd3 Qc6 36. h5 e4 37. Rd1 Rf3 38. h6 {#} 38... Be5 39. Nxe4 Rxb3 40. Nf2
Bd4 $4 41. Rxd4 $1 cxd4 42. Qe7 1-0

[Event "Championnat de France - Veterans"]
[Site "Val d'Isere"]
[Date "2002.08.??"]
[Round "7.2"]
[White "Huguet, Bernard"]
[Black "Vaisman, Volodia"]
[Result "0-1"]
[WhiteElo "2168"]
[BlackElo "2381"]
[PlyCount "104"]
[EventDate "2002.08.??"]
[SourceDate "2002.08.20"]

1. c4 e5 2. Nc3 d6 3. g3 g6 4. Bg2 Bg7 5. d3 Ne7 6. e4 O-O 7. Nge2 Be6 8. O-O
Qd7 9. Be3 c6 10. f4 Na6 11. Qd2 Nc7 12. b3 d5 13. exd5 cxd5 14. fxe5 Bxe5 15.
d4 Bg7 16. c5 Bh3 17. Bxh3 Qxh3 18. Nf4 Qd7 19. Kg2 Nf5 20. Bg1 Rad8 21. Rae1
Ne6 22. Nxe6 fxe6 23. Qd3 Rfe8 24. Rd1 a6 25. Rfe1 {(=)} 25... Qc6 26. Bf2 e5
27. dxe5 d4+ 28. Ne4 Rxe5 29. g4 Rde8 30. gxf5 Rxe4 31. Rxe4 Rxe4 32. Qc4+ Kf8
33. Kg1 gxf5 34. Bg3 Bh6 35. Bd6+ Kg7 36. h3 Be3+ 37. Kh2 Qb5 38. Qxb5 axb5 39.
a4 bxa4 40. bxa4 Kf6 41. Rd3 Ke6 42. Rb3 Kd5 43. Rxb7 d3 44. Rb1 Rxa4 45. Kg2
Bxc5 46. Bxc5 Kxc5 47. Kf3 Rh4 48. Kg3 Rd4 49. Kf3 d2 50. Ke2 d1=Q+ 51. Rxd1
Rxd1 52. Kxd1 Kd4 0-1

[Event "Championnat de France - Veterans"]
[Site "Val d'Isere"]
[Date "2002.08.??"]
[Round "7.3"]
[White "Cousin, Philippe"]
[Black "Molet, Asher"]
[Result "1/2-1/2"]
[WhiteElo "2138"]
[BlackElo "2049"]
[PlyCount "45"]
[EventDate "2002.08.??"]
[SourceDate "2002.08.20"]

1. d4 d5 2. Nf3 e6 3. c4 Nf6 4. a3 Nbd7 5. Nc3 c6 6. e3 Bd6 7. Bd3 O-O 8. O-O
dxc4 9. Bxc4 e5 10. h3 e4 11. Nd2 Qe7 12. Qc2 Re8 13. b4 a6 14. Re1 Nf8 15. Bf1
h5 16. Nc4 Bc7 17. Bb2 h4 18. Ne5 Ng6 19. Nxe4 Nxe5 20. dxe5 Bxe5 21. Bxe5 Qxe5
22. Nxf6+ Qxf6 23. Rad1 1/2-1/2

[Event "Championnat de France - Veterans"]
[Site "Val d'Isere"]
[Date "2002.08.??"]
[Round "7.4"]
[White "Dubreuil, Remy"]
[Black "Lebouchard, Charles"]
[Result "1-0"]
[WhiteElo "2053"]
[BlackElo "1820"]
[PlyCount "46"]
[EventDate "2002.08.??"]
[SourceDate "2002.08.20"]

1. e4 c5 2. Nf3 e6 3. d4 cxd4 4. Nxd4 Nc6 5. Nc3 Qc7 6. Be2 a6 7. O-O Nf6 8.
Kh1 Be7 9. f4 d6 10. Be3 Bd7 11. Qe1 O-O 12. Qg3 b5 13. a3 Na5 14. f5 Rfe8 15.
Bh6 g6 16. fxe6 Bxe6 17. Bg5 Nd7 18. Bxe7 Rxe7 19. Nf5 Ree8 20. Nxd6 Red8 21.
Rad1 Nb6 22. e5 Nbc4 23. Nce4 Qc5 1-0

[Event "Championnat de France - Veterans"]
[Site "Val d'Isere"]
[Date "2002.08.??"]
[Round "7.5"]
[White "Labarthe, Arnaud"]
[Black "Balause, Jacques"]
[Result "1-0"]
[WhiteElo "2050"]
[BlackElo "1830"]
[PlyCount "43"]
[EventDate "2002.08.??"]
[SourceDate "2002.08.20"]

1. d4 Nf6 2. c4 c5 3. d5 d6 4. Nc3 g6 5. e4 Bg7 6. f4 Bg4 7. Be2 Bxe2 8. Qxe2
Nfd7 9. Nf3 Qa5 10. O-O O-O 11. e5 dxe5 12. fxe5 a6 13. Bf4 Qd8 14. Rae1 Nb6
15. a4 Re8 16. Ng5 Rf8 17. e6 f6 18. Nf7 Rxf7 19. exf7+ Kxf7 20. Qe6+ Kf8 21.
Ne4 N8d7 22. Ng5 1-0

[Event "Championnat de France - Veterans"]
[Site "Val d'Isere"]
[Date "2002.08.??"]
[Round "8.1"]
[White "Vaisman, Volodia"]
[Black "Hoyer, Hans-Gerd"]
[Result "1-0"]
[WhiteElo "2381"]
[BlackElo "2153"]
[PlyCount "84"]
[EventDate "2002.08.??"]
[SourceDate "2002.08.20"]

1. d4 d6 2. c4 g6 3. Nc3 Bg7 4. e4 Nf6 5. Be2 c6 6. Nf3 Bg4 7. Be3 Qa5 8. O-O
O-O 9. a3 e5 10. b4 Qc7 11. dxe5 dxe5 12. Nd2 Bxe2 13. Qxe2 Nbd7 14. Rfd1 Rad8
15. c5 Nh5 16. Nc4 Nf4 17. Qa2 Nf6 18. f3 Qe7 19. Rd6 N6h5 20. Rad1 Ne6 21. Ne2
Nhf4 22. Nxf4 exf4 23. Bf2 h5 24. R1d3 Qf6 25. Qd2 Rfe8 26. h3 Bf8 27. e5 Qg5
28. h4 Qe7 29. Rd7 Rxd7 30. Rxd7 Rd8 31. Rxd8 Qxd8 32. Qxd8 Nxd8 33. Kf1 Be7
34. Ke2 f6 35. exf6 Bxf6 36. Kd3 Kf7 37. Ke4 g5 38. hxg5 Bxg5 39. Kf5 Bh6 40.
Bh4 Ke8 41. Nd6+ Kd7 42. Bxd8 Kxd8 1-0

[Event "Championnat de France - Veterans"]
[Site "Val d'Isere"]
[Date "2002.08.??"]
[Round "8.2"]
[White "Weill, Roland"]
[Black "Dubreuil, Remy"]
[Result "1-0"]
[WhiteElo "2251"]
[BlackElo "2053"]
[PlyCount "59"]
[EventDate "2002.08.??"]
[SourceDate "2002.08.20"]

1. e4 g6 2. d4 Bg7 3. Nc3 d6 4. Nf3 c6 5. Be3 Nf6 6. Be2 O-O 7. O-O b5 8. e5
Ne8 9. Ne4 a6 10. Re1 Nd7 11. Nxd6 Nxd6 12. exd6 exd6 13. Qd2 Nf6 14. Bg5 Be6
15. Qf4 Re8 16. Qh4 Bd5 17. Nd2 c5 18. c3 Ra7 19. Bf3 Rxe1+ 20. Rxe1 Bxf3 21.
Nxf3 Re7 22. Rd1 Re2 23. dxc5 d5 24. c6 Re8 25. c7 Qd6 26. Qf4 Qe6 27. h3 Ne4
28. Bd8 Qc6 29. Ne1 Nd6 30. Qd2 1-0

[Event "Championnat de France - Veterans"]
[Site "Val d'Isere"]
[Date "2002.08.??"]
[Round "8.3"]
[White "Brosser, Claude"]
[Black "Cousin, Philippe"]
[Result "0-1"]
[WhiteElo "1780"]
[BlackElo "2138"]
[PlyCount "90"]
[EventDate "2002.08.??"]
[SourceDate "2002.08.20"]

1. e4 c6 2. d4 d5 3. e5 Bf5 4. c3 e6 5. Be3 Nd7 6. f4 Qb6 7. Qb3 Ne7 8. Nd2 c5
9. Ngf3 Nc6 10. Be2 Be7 11. O-O O-O 12. Kh1 c4 13. Qxb6 axb6 14. h3 h5 15. Rg1
Kh7 16. g4 Bg6 17. g5 Rh8 18. Nh4 Bf8 19. Nxg6 fxg6 20. a3 Ne7 21. Nf3 Nf5 22.
Bd2 Kg8 23. h4 b5 24. Kh2 Nb6 25. Kh3 Be7 26. Rgb1 Kf7 27. Bc1 Na4 28. Ne1 Ra7
29. Nc2 Rha8 30. Bd2 Nb6 31. Ra2 Nd7 32. b4 Nb8 33. Rba1 Nc6 34. Bd1 Bd8 35.
Ne1 Bb6 36. Nf3 Bd8 37. Bc2 Ra6 38. Bd1 Bb6 39. Bc2 Ncxd4 40. cxd4 Nxd4 41.
Nxd4 Bxd4 42. Rd1 Rxa3+ 43. Rxa3 Rxa3+ 44. Kg2 Ra2 45. Rc1 c3 0-1

[Event "Championnat de France - Veterans"]
[Site "Val d'Isere"]
[Date "2002.08.??"]
[Round "8.4"]
[White "Rosenfeld, Imre"]
[Black "Labarthe, Arnaud"]
[Result "0-1"]
[WhiteElo "1990"]
[BlackElo "2050"]
[PlyCount "107"]
[EventDate "2002.08.??"]
[SourceDate "2002.08.20"]

1. d4 Nc6 2. Nf3 d5 3. Bf4 Bg4 4. e3 e6 5. c4 Bb4+ 6. Nc3 Nf6 7. h3 Bh5 8. a3
Bd6 9. Bxd6 Qxd6 10. c5 Bxf3 11. Qxf3 Qd7 12. Bb5 a6 13. Bxc6 Qxc6 14. O-O O-O
15. b4 b5 16. Qe2 Qb7 17. Ra2 c6 18. Rfa1 a5 19. Qb2 a4 20. Qe2 Qc7 21. Rf1 e5
22. dxe5 Qxe5 23. Qd2 Rfe8 24. Ne2 Nd7 25. Nd4 Qf6 26. Raa1 Ne5 27. Qc2 g6 28.
Qd1 Rac8 29. g3 Nc4 30. Ra2 Re4 31. Qf3 Qg7 32. h4 h5 33. Qh1 Ne5 34. Qh3 Rc7
35. Qg2 Ng4 36. Qf3 Ne5 37. Qd1 Qf6 38. Kg2 Nc4 39. Qd3 Qg7 40. Qd1 Rxe3 41.
Nxb5 cxb5 42. Qxd5 Rce7 43. Qd8+ Re8 44. Qd7 R3e7 45. Qxb5 Qd4 46. Qxa4 {#}
46... Ne3+ 47. fxe3 Qd5+ 48. Kg1 Qxa2 49. b5 Rxe3 50. Qf4 Re2 51. Qf3 R8e3 52.
Qa8+ Kg7 53. b6 Rxg3+ 54. Kh1 0-1

[Event "Championnat de France - Veterans"]
[Site "Val d'Isere"]
[Date "2002.08.??"]
[Round "9.1"]
[White "Cousin, Philippe"]
[Black "Vaisman, Volodia"]
[Result "1/2-1/2"]
[WhiteElo "2138"]
[BlackElo "2381"]
[PlyCount "80"]
[EventDate "2002.08.??"]
[SourceDate "2002.08.20"]

1. d4 Nf6 2. Nf3 e6 3. c4 b6 4. Nc3 Bb7 5. Bg5 h6 6. Bh4 d6 7. e3 Nbd7 8. Bd3
g5 9. Bg3 Bg7 10. h3 O-O 11. O-O Re8 12. Qc2 Qe7 13. Rad1 a6 14. Rfe1 Rad8 15.
a3 Nf8 16. e4 Nh5 17. Ne2 Nxg3 18. Nxg3 Ng6 19. Nh5 e5 20. Nxg7 Kxg7 21. Bf1
Bc8 22. g3 Qf6 23. Qc3 g4 24. hxg4 Bxg4 25. Bg2 Bxf3 26. Bxf3 exd4 27. Rxd4 c5
28. Rd3 Qxc3 29. Rxc3 Ne5 30. Bg2 Nc6 31. f4 Nd4 32. Kf2 a5 33. a4 f5 34. Ree3
fxe4 35. Bxe4 Re7 36. Bd5 Rde8 37. Rxe7+ Rxe7 38. Re3 Rxe3 39. Kxe3 Kf6 40. g4
Nc2+ 1/2-1/2

[Event "Championnat de France - Veterans"]
[Site "Val d'Isere"]
[Date "2002.08.??"]
[Round "9.2"]
[White "Labarthe, Arnaud"]
[Black "Weill, Roland"]
[Result "0-1"]
[WhiteElo "2050"]
[BlackElo "2251"]
[PlyCount "104"]
[EventDate "2002.08.??"]
[SourceDate "2002.08.20"]

1. d4 d6 2. e4 g6 3. Nc3 Bg7 4. Be3 a6 5. a4 Nd7 6. h3 Ngf6 7. g4 e5 8. d5 O-O
9. Nge2 Nc5 10. Ng3 c6 11. dxc6 bxc6 12. g5 Nfd7 13. Qxd6 Qb6 14. Rb1 a5 15. h4
Rd8 16. Bxc5 Qxc5 (16... Nxc5 17. Nd5 Qb4+ 18. Nxb4 Rxd6 19. Nd3 $14) 17. Qxc5
Nxc5 18. Bc4 Ne6 19. Nce2 Bf8 20. O-O Be7 21. f4 exf4 22. Nxf4 Rd2 23. Nxe6
Bxe6 24. Bxe6 fxe6 25. e5 Rad8 26. Ne4 R2d4 27. Rf4 Rd1+ 28. Rxd1 Rxd1+ 29. Kg2
Kg7 30. Kf2 Rd5 31. Nf6 Rxe5 32. Ne8+ Kg8 33. Kf3 Rf5 34. Rxf5 exf5 35. c3 Kf7
36. Nc7 Bd8 37. Na6 Ke6 38. b4 Kd5 39. Nc5 Be7 40. Nd3 Bd8 41. Nc5 Kc4 42. Nb7
axb4 43. cxb4 Be7 44. Na5+ Kd5 45. b5 cxb5 46. axb5 Bb4 47. Nb7 Be1 48. Nd8
Bxh4 49. b6 Kd6 50. Kf4 Be1 51. Ne6 Kxe6 52. b7 Bb4 {Sur 53.b8=D, alors 53...
Fd6+ donnant le Fou pour lDamen, avec une finale facile pour les Noirs.} 0-1

[Event "Championnat de France - Veterans"]
[Site "Val d'Isere"]
[Date "2002.08.??"]
[Round "9.3"]
[White "Hoyer, Hans-Gerd"]
[Black "Vacca, Georges"]
[Result "1-0"]
[WhiteElo "2153"]
[BlackElo "2022"]
[PlyCount "99"]
[EventDate "2002.08.??"]
[SourceDate "2002.08.20"]

1. e4 d6 2. d4 Nf6 3. Nc3 g6 4. g3 Bg7 5. Bg2 O-O 6. Nge2 e5 7. h3 Nc6 8. Be3
Re8 9. O-O exd4 10. Nxd4 Nxd4 11. Bxd4 Be6 12. Re1 c6 13. Qd2 Qc7 14. Be3 d5
15. e5 Ne4 16. Nxe4 dxe4 17. Bf4 Bxe5 18. Rxe4 Bxf4 19. Rxf4 Rad8 20. Qc3 Qd7
21. g4 Bd5 22. Rd4 Qe6 23. Rad1 Re7 24. Qd3 Rde8 25. Bxd5 cxd5 26. Rxd5 Qc6 27.
Rd2 Re1+ 28. Kg2 R1e2 29. Qf3 Rxd2 30. Rxd2 Qb5 31. b3 Qa5 32. Rd7 Rf8 33. a4
b6 34. Qb7 Qe1 35. Qd5 Qc3 36. Rxa7 Qxc2 37. Rb7 {a elimner 3} 37... Qc3 38.
Ra7 Qb2 39. Rb7 Qf6 {!!!!!! le meilleur coup} 40. g5 Qf4 41. Rxb6 Re8 42. Rf6
Qc7 43. Rd6 Qc1 44. a5 Qb2 45. a6 Re5 46. Rd8+ Kg7 47. Qd4 Qxd4 48. Rxd4 Rxg5+
49. Kf3 Ra5 50. Ra4 1-0

[Event "Championnat de France - Veterans"]
[Site "Val d'Isere"]
[Date "2002.08.??"]
[Round "9.4"]
[White "Renault, Jean-Pierre"]
[Black "Huguet, Bernard"]
[Result "0-1"]
[WhiteElo "1990"]
[BlackElo "2158"]
[PlyCount "80"]
[EventDate "2002.08.??"]
[SourceDate "2002.08.20"]

1. d4 c5 2. d5 e5 3. e4 d6 4. Be2 Be7 5. Nf3 Nf6 6. Nbd2 O-O 7. O-O g6 8. a3
Ne8 9. b4 Nd7 10. Nb3 Bg5 11. bxc5 Bxc1 12. Qxc1 Nxc5 13. Nxc5 dxc5 14. Qb2 f6
15. Nd2 b6 16. Rfd1 Nd6 17. a4 a5 18. f3 Rb8 19. Bb5 Bd7 20. Bxd7 Qxd7 21. c4
Nc8 22. Qc3 Qd6 23. Re1 Rb7 24. Nb1 Re7 25. Na3 Na7 26. Rab1 f5 27. Rb2 Rf6 28.
Reb1 Qd8 29. f4 Qe8 30. Rxb6 Rxb6 31. Rxb6 exf4 32. d6 Rxe4 33. h3 Rd4 34. Nc2
Nc8 35. Rb5 Rd1+ 36. Kh2 Nxd6 37. Qf3 Rd2 38. Rxa5 Ne4 39. Ne1 Qd8 40. Qxf4
Qxa5 0-1

[Event "Championnat de France - Veterans"]
[Site "Val d'Isere"]
[Date "2002.08.??"]
[Round "9.6"]
[White "Colas, Yves"]
[Black "Vernadet, Jacques"]
[Result "0-1"]
[WhiteElo "1750"]
[BlackElo "2040"]
[PlyCount "110"]
[EventDate "2002.08.??"]
[SourceDate "2002.08.20"]

1. d4 d6 2. c4 Nf6 3. Nc3 g6 4. e4 Bg7 5. Be2 Nbd7 6. Bg5 c5 7. d5 Qa5 8. Qd2
h5 9. h4 Ng4 10. Bxg4 hxg4 11. Nge2 a6 12. Rc1 Ne5 13. b3 b5 14. cxb5 axb5 15.
Bf4 Bd7 16. Bxe5 Bxe5 17. g3 b4 18. Na4 Bxa4 19. bxa4 Qxa4 20. Rc2 b3 21. axb3
Qxe4 22. O-O O-O 23. Rc4 Qf3 24. Rb1 Rfb8 25. Qd1 Ra3 26. Nc3 Qxd1+ 27. Nxd1
Rbxb3 28. Rxb3 Rxb3 29. Ne3 f5 30. Rc2 Bxg3 31. h5 Kf7 32. h6 Bf4 33. h7 Kg7
34. Re2 Bxe3 35. fxe3 Kxh7 36. e4 Kg7 37. exf5 gxf5 38. Rxe7+ Kg6 39. Re6+ Kg5
40. Rxd6 Rd3 41. Rd8 Kf4 42. d6 Kg3 43. Kf1 c4 44. d7 f4 45. Rc8 Rxd7 46. Rxc4
Rd2 47. Rc3+ f3 48. Ke1 Ra2 49. Rc4 f2+ 50. Kf1 Ra1+ 51. Rc1 Rxc1+ 52. Ke2 f1=R
53. Ke3 Kh2 54. Ke2 g3 55. Kd3 g2 0-1

[Event "Championnat de France - Veterans"]
[Site "Val d'Isere"]
[Date "2002.08.??"]
[Round "10.1"]
[White "Vaisman, Volodia"]
[Black "Molet, Asher"]
[Result "1-0"]
[WhiteElo "2381"]
[BlackElo "2049"]
[PlyCount "77"]
[EventDate "2002.08.??"]
[SourceDate "2002.08.20"]

1. c4 e6 2. Nf3 d5 3. b3 Nf6 4. Bb2 Be7 5. e3 O-O 6. Nc3 c5 7. cxd5 Nxd5 8.
Nxd5 exd5 9. Be2 Nc6 10. O-O d4 11. Bb5 dxe3 12. dxe3 Qb6 13. Qe2 Bg4 14. Bc3
a6 15. Bc4 Na5 16. Bd5 Bf6 17. Qd2 Bxc3 18. Qxc3 Rac8 19. Rac1 Bxf3 20. gxf3
Qb4 21. Qc2 b6 22. Qf5 Rc7 23. Be4 g6 24. Qf6 c4 25. Rfd1 Nb7 26. Bxb7 Rxb7 27.
Rxc4 Qa5 28. Ra4 Qb5 29. Rad4 Qa5 30. h4 Qh5 31. Kg2 Qh6 32. Rd6 Re8 33. Rd8
Rb8 34. Rxb8 Rxb8 35. Rd8+ Rxd8 36. Qxd8+ Kg7 37. Qd4+ Kf8 38. Kg3 g5 39. Qd8+
1-0